Music Quiz

Random Music or Album Quiz
Score 0/37 Timer 09:00
3 Plays Today
Album Song % Correct
Teenage DreamTeenage Dream
86.3%
One Of The BoysI Kissed A Girl
82.6%
PrismRoar
79.4%
Teenage DreamCalifornia Gurls
75.6%
Teenage DreamFirework
72.4%
One Of The BoysHot n Cold
71.2%
PrismDark Horse
69.6%
Teenage DreamLast Friday Night (TGIF)
64.6%
Teenage DreamE.T.
59.3%
One Of The BoysOne Of The Boys
54%
Teenage DreamThe One That Got Away
51.9%
One Of The BoysWaking Up In Vegas
50%
PrismUnconditionally
46.9%
PrismBirthday
44.2%
Teenage DreamPeacock
43.6%
One Of The BoysThinking Of You
41.1%
One Of The BoysUr So Gay
41.1%
PrismThis Is How We Do
38.3%
Teenage DreamCircle The Drain
33.7%
Album Song % Correct
Teenage DreamNot Like The Movies
32.5%
Teenage DreamHummingbird Heartbeat
31.9%
PrismLegendary Lovers
30.9%
Teenage DreamPearl
30.7%
PrismWalking on Air
30.4%
PrismBy The Grace Of God
29.9%
PrismInternational Smile
27.4%
PrismGhost
27.1%
PrismDouble Rainbow
26.9%
PrismLove Me
25.7%
One Of The BoysMannequin
25.1%
Teenage DreamWho Am I Living For?
24.2%
One Of The BoysFingerprints
23%
One Of The BoysLost
22.3%
PrismThis Moment
21.9%
One Of The BoysIf You Can Afford Me
21.4%
One Of The BoysSelf Inflicted
19.5%
One Of The BoysI'm Still Breathing
19.1%
Remove Ads.
Support Sporcle.
Get the best of Sporcle when you Go Orange. This ad-free experience offers more features, more stats, and more fun while also helping to support Sporcle. Thank you for becoming a member.

You're not logged in!

Compare scores with friends on all Sporcle quizzes.
OR
Log In

Show Comments

Extras

Top Quizzes Today


Score Distribution

Your Account Isn't Verified!

In order to create a playlist on Sporcle, you need to verify the email address you used during registration. Go to your Sporcle Settings to finish the process.

Report this User

Report this user for behavior that violates our Community Guidelines.

Details: